[Event "XI GRAN TORNEO INTERNACIONAL AFICIONADOS"]
[Site "Benidorm (Alicante - SPAIN)"]
[Date "2012.12.02"]
[Round "3"]
[White "Ustianovich, Nazar"]
[Black "Picazo Lopez, Juan Antonio"]
[Result "1-0"]
[WhiteElo "2264"]
[BlackElo "2191"]
[PlyCount "71"]
[EventDate "2012.11.30"]
[EventRounds "10"]
[EventCountry "ESP"]

1. d4 d6 2. Nf3 Bg4 3. c4 Bxf3 4. exf3 Nd7 5. Nc3 Ngf6 6. g3 c6 7. d5 g6 8. Bg2
Bg7 9. O-O O-O 10. f4 Qc7 11. Re1 Rfe8 12. Be3 Nb6 13. Bf1 e6 14. Rc1 Re7 15.
dxe6 Rxe6 16. Nd5 Qd8 17. Nxb6 axb6 18. Bh3 Re8 19. Qb3 Ra6 20. Bd4 Ne4 21.
Bxg7 Kxg7 22. Qd3 f5 23. f3 Nf6 24. a3 d5 25. Re5 Ra8 26. Rce1 Qd7 27. cxd5
Nxd5 28. Qd4 Kf7 29. Bf1 b5 30. Kf2 Rad8 31. Rxe8 Rxe8 32. Rxe8 Kxe8 33. Qh8+
Ke7 34. Qxh7+ Kd8 35. Qxg6 Qe7 36. Qg5 1-0

[Event "XI GRAN TORNEO INTERNACIONAL AFICIONADOS"]
[Site "Benidorm (Alicante - SPAIN)"]
[Date "2012.12.02"]
[Round "3"]
[White "Dolzhikova, Olga"]
[Black "Goormachtigh, Johan"]
[Result "0-1"]
[WhiteElo "2261"]
[BlackElo "2187"]
[PlyCount "64"]
[EventDate "2012.11.30"]
[EventRounds "10"]
[EventCountry "ESP"]

1. e4 c5 2. c3 Nf6 3. e5 Nd5 4. d4 cxd4 5. Nf3 e6 6. cxd4 d6 7. a3 Bd7 8. Bd3
Bc6 9. O-O Nd7 10. b4 a6 11. Re1 Rc8 12. Ng5 dxe5 13. Nxe6 fxe6 14. Qh5+ Ke7
15. dxe5 h6 16. Bg6 N7b6 17. Nd2 Be8 18. Ne4 Bxg6 19. Qxg6 Qe8 20. Qg4 Kf7 21.
Bb2 Nc4 22. Bd4 Be7 23. Rad1 h5 24. Qg3 Rh6 25. Kh1 Rg6 26. Qf3+ Kg8 27. Bc5
Bxc5 28. Nxc5 Qf7 29. Qe2 b5 30. g3 Nc3 31. Qxh5 Nxd1 32. Rxd1 Rh6 0-1

[Event "XI GRAN TORNEO INTERNACIONAL AFICIONADOS"]
[Site "Benidorm (Alicante - SPAIN)"]
[Date "2012.12.02"]
[Round "3"]
[White "Pena Riasco, Alexander"]
[Black "Navarro Lopez-Menchero, Daniel"]
[Result "0-1"]
[WhiteElo "2176"]
[BlackElo "2259"]
[PlyCount "126"]
[EventDate "2012.11.30"]
[EventRounds "10"]
[EventCountry "ESP"]

1. e4 c5 2. Nf3 d6 3. d4 cxd4 4. Nxd4 Nf6 5. Nc3 a6 6. f3 Qb6 7. Nb3 g6 8. Bg5
Bg7 9. Qd2 Be6 10. O-O-O Nc6 11. Kb1 Qc7 12. Nd5 Bxd5 13. exd5 Ne5 14. f4 Nc4
15. Bxc4 Qxc4 16. Rhe1 Rc8 17. c3 Rc7 18. Bxf6 Bxf6 19. g4 h6 20. Qf2 Qb5 21.
Re4 Rc4 22. Rxc4 Qxc4 23. Qf3 O-O 24. Nd2 Qb5 25. Ne4 Bg7 26. f5 Be5 27. h4 Kg7
28. g5 hxg5 29. hxg5 Rh8 30. fxg6 fxg6 31. Nf2 Qa4 32. Nd3 Rh3 33. Qxh3 Qxd1+
34. Nc1 Qxd5 35. Qh6+ Kf7 36. Qh4 b5 37. Kc2 Qg2+ 38. Kb3 Qf1 39. Kc2 Qg2+ 40.
Kb3 Qd2 41. Qh7+ Bg7 42. Qh1 Qxg5 43. Nd3 Qf5 44. Nb4 a5 45. Nc6 a4+ 46. Kb4
Qc5+ 47. Ka5 b4+ 48. Kxa4 bxc3 49. Qf3+ Bf6 50. bxc3 Qc4+ 51. Ka3 Qxc3+ 52.
Qxc3 Bxc3 53. Kb3 Be1 54. a4 Ke8 55. Kc4 Kd7 56. Kb5 g5 57. a5 g4 58. Nd4 Bf2
59. Ne2 g3 60. Nf4 e5 61. Ng2 Kc7 62. a6 d5 63. Nh4 e4 0-1

[Event "XI GRAN TORNEO INTERNACIONAL AFICIONADOS"]
[Site "Benidorm (Alicante - SPAIN)"]
[Date "2012.12.02"]
[Round "3"]
[White "Lopez Del Alamo, Antonio"]
[Black "Jensen, Stein"]
[Result "1-0"]
[WhiteElo "2241"]
[BlackElo "2114"]
[PlyCount "67"]
[EventDate "2012.11.30"]
[EventRounds "10"]
[EventCountry "ESP"]

1. e4 c5 2. Nf3 Nc6 3. Nc3 g6 4. d4 cxd4 5. Nxd4 Bg7 6. Nb3 Nf6 7. Be2 O-O 8.
O-O d6 9. Kh1 Be6 10. Bg5 Re8 11. f4 Rc8 12. Bf3 b5 13. Nd5 Nd7 14. c3 b4 15.
Qd2 bxc3 16. bxc3 Nc5 17. Nxc5 dxc5 18. Qc2 Qa5 19. Rad1 Rb8 20. Rf2 Bxd5 21.
exd5 Nd8 22. Re2 f6 23. Bh4 Nf7 24. Rde1 Kf8 25. f5 g5 26. Bg3 Ne5 27. Bxe5
fxe5 28. d6 exd6 29. f6 Bxf6 30. Qxh7 Re7 31. Qg6 Re6 32. Bd5 Ree8 33. Rf1 Qd8
34. Ref2 1-0

[Event "XI GRAN TORNEO INTERNACIONAL AFICIONADOS"]
[Site "Benidorm (Alicante - SPAIN)"]
[Date "2012.12.02"]
[Round "3"]
[White "Tscharotschkin, Michael"]
[Black "Argandona Salinas, Gorka"]
[Result "1-0"]
[WhiteElo "2219"]
[BlackElo "2052"]
[PlyCount "130"]
[EventDate "2012.11.30"]
[EventRounds "10"]
[EventCountry "ESP"]

1. d4 e6 2. Bf4 d5 3. e3 f5 4. Nf3 Nf6 5. Nbd2 Bd6 6. Bxd6 Qxd6 7. Ne5 Nbd7 8.
Nd3 O-O 9. g3 b6 10. Be2 Ba6 11. O-O Bxd3 12. Bxd3 Ne4 13. f4 Nxd2 14. Qxd2 Nf6
15. Rf2 c5 16. c3 cxd4 17. exd4 Ne4 18. Bxe4 fxe4 19. Raf1 Rf7 20. Qe3 Raf8 21.
c4 dxc4 22. Qxe4 Rd8 23. Rc1 b5 24. b3 Qxd4 25. Qxe6 Rd6 26. Qe8+ Rf8 27. Qxb5
cxb3 28. Qxb3+ Kh8 29. Qc3 Qb6 30. Kg2 Rfd8 31. Re1 h6 32. Re7 Rg6 33. Rfe2 a6
34. Re8+ Rxe8 35. Rxe8+ Kh7 36. Qc8 Qc6+ 37. Kh3 Qxc8+ 38. Rxc8 Rb6 39. Rc5 Rd6
40. Ra5 Rb6 41. Kg4 Kg6 42. h4 Rc6 43. h5+ Kf7 44. Kf5 Rf6+ 45. Ke4 Re6+ 46.
Kf3 Rc6 47. g4 Rc3+ 48. Ke4 Rc4+ 49. Kf5 Rc6 50. g5 hxg5 51. fxg5 g6+ 52. hxg6+
Rxg6 53. Rc5 Rb6 54. Rc7+ Kg8 55. a4 Rd6 56. Ra7 Rc6 57. a5 Rc5+ 58. Kg6 Rc6+
59. Kh5 Rd6 60. Rb7 Rd5 61. Kh6 Rxa5 62. Rb8+ Kf7 63. g6+ Kf6 64. g7 Ra1 65.
Rf8+ Ke7 1-0

[Event "XI GRAN TORNEO INTERNACIONAL AFICIONADOS"]
[Site "Benidorm (Alicante - SPAIN)"]
[Date "2012.12.02"]
[Round "3"]
[White "Beltra Garcia, Ruben"]
[Black "Simon Padros, Emili"]
[Result "1/2-1/2"]
[WhiteElo "2146"]
[BlackElo "2214"]
[PlyCount "39"]
[EventDate "2012.11.30"]
[EventRounds "10"]
[EventCountry "ESP"]

1. e4 e6 2. d4 d5 3. Nd2 Nc6 4. Ngf3 Nf6 5. e5 Nd7 6. c3 f6 7. Nh4 Qe7 8. Qh5+
Qf7 9. Qxf7+ Kxf7 10. f4 Be7 11. Nhf3 Nd8 12. Bd3 f5 13. h3 g6 14. b3 h6 15.
Nf1 c5 16. g4 a5 17. Ne3 cxd4 18. cxd4 a4 19. gxf5 gxf5 20. Nc2 1/2-1/2

[Event "XI GRAN TORNEO INTERNACIONAL AFICIONADOS"]
[Site "Benidorm (Alicante - SPAIN)"]
[Date "2012.12.02"]
[Round "3"]
[White "Mingarro Carceller, Sergi"]
[Black "Bonte, Andrei-Mihai"]
[Result "1-0"]
[WhiteElo "2189"]
[BlackElo "2297"]
[PlyCount "67"]
[EventDate "2012.11.30"]
[EventRounds "10"]
[EventCountry "ESP"]

1. e4 c5 2. Nf3 d6 3. d4 cxd4 4. Qxd4 a6 5. Bc4 Nc6 6. Qd3 e6 7. Nc3 Nge7 8.
Bb3 Ng6 9. Be3 b5 10. O-O-O Bb7 11. Kb1 Rc8 12. Bg5 Qc7 13. Rhe1 h6 14. Bh4
Nxh4 15. Nxh4 Be7 16. Qg3 O-O 17. Ng6 Rfd8 18. Nf4 Qd7 19. e5 d5 20. Ncxd5 exd5
21. e6 fxe6 22. Nxe6 Bf6 23. Rxd5 Qxd5 24. Nxd8 Rxd8 25. Bxd5+ Rxd5 26. Qc7 Nd8
27. c4 Rd2 28. Kc1 Rd4 29. cxb5 axb5 30. Re8+ Kh7 31. Qc2+ g6 32. Qc7+ Bg7 33.
b3 Rd3 34. Rxd8 1-0

[Event "XI GRAN TORNEO INTERNACIONAL AFICIONADOS"]
[Site "Benidorm (Alicante - SPAIN)"]
[Date "2012.12.02"]
[Round "3"]
[White "Lacrosse, Marc"]
[Black "Martin Rueda, Daniel"]
[Result "0-1"]
[WhiteElo "2163"]
[BlackElo "2290"]
[PlyCount "72"]
[EventDate "2012.11.30"]
[EventRounds "10"]
[EventCountry "ESP"]

1. d4 d5 2. c4 c6 3. Nf3 Nf6 4. Nc3 dxc4 5. a4 Bf5 6. Ne5 Nbd7 7. Nxc4 Qc7 8.
g3 e5 9. dxe5 Nxe5 10. Bf4 Nfd7 11. Bg2 f6 12. O-O O-O-O 13. Qc1 Nc5 14. Bxe5
fxe5 15. Qe3 Nb3 16. Rad1 Bc5 17. Qxe5 Qxe5 18. Nxe5 Rhe8 19. Rxd8+ Kxd8 20.
Rd1+ Kc7 21. Nd3 Bd4 22. Kf1 a5 23. e3 Bf6 24. e4 Bg6 25. f3 Bf7 26. e5 Bxe5
27. Nxe5 Rxe5 28. f4 Re7 29. Be4 h6 30. Kf2 Kb6 31. Bc2 Kc5 32. Ne4+ Kb4 33.
Nd6 Bd5 34. f5 Kc5 35. g4 Nd4 36. Nc8 Re2+ 0-1

[Event "XI GRAN TORNEO INTERNACIONAL AFICIONADOS"]
[Site "Benidorm (Alicante - SPAIN)"]
[Date "2012.12.02"]
[Round "3"]
[White "Arias Igual, Alejandro"]
[Black "Torres Ventosa, Pedro Eugenio"]
[Result "1/2-1/2"]
[WhiteElo "2168"]
[BlackElo "2289"]
[PlyCount "185"]
[EventDate "2012.11.30"]
[EventRounds "10"]
[EventCountry "ESP"]

1. d4 Nf6 2. Nf3 g6 3. Bg5 d6 4. Bxf6 exf6 5. g3 f5 6. e3 Bg7 7. Bg2 h5 8. Nc3
c6 9. Qd2 Nd7 10. h4 O-O 11. O-O Nf6 12. Ng5 Ng4 13. a4 a5 14. Rad1 d5 15. Ne2
Bh6 16. Nf3 Nf6 17. b3 Re8 18. c4 Ne4 19. Qd3 b6 20. Nf4 Bg7 21. Rc1 Ba6 22.
Rc2 Qd6 23. Nd2 Rad8 24. Rfc1 Qa3 25. Bxe4 fxe4 26. Qc3 Bh6 27. c5 Bxf4 28. Ra1
Qb4 29. Qxb4 axb4 30. gxf4 Bd3 31. Rcc1 b5 32. a5 Ra8 33. a6 Ra7 34. Ra2 Kg7
35. f3 exf3 36. Kf2 Rea8 37. Rca1 Bf5 38. Nxf3 f6 39. Ne1 Kf7 40. Nf3 Ke6 41.
Nd2 Bd3 42. Kf3 Kf5 43. Ra5 g5 44. fxg5 fxg5 45. hxg5 h4 46. R5a2 Kxg5 47. e4
Rf8+ 48. Ke3 dxe4 49. Nxe4+ Bxe4 50. Kxe4 h3 51. Rg1+ Kh4 52. d5 Re7+ 53. Kd4
Rf4+ 54. Kd3 Rf3+ 55. Kd4 Rf4+ 56. Kd3 Rf5 57. a7 Rxd5+ 58. Kc2 Re2+ 59. Kb1
Rxa2 60. Kxa2 Rd8 61. Rg7 h2 62. Rh7+ Kg3 63. Rg7+ Kh3 64. Rh7+ Kg2 65. Rg7+
Kf3 66. Rh7 Ra8 67. Kb2 Ke3 68. Rxh2 Kd4 69. Rh7 Kxc5 70. Rb7 Kd4 71. Kc2 c5
72. Rd7+ Ke5 73. Rh7 Kd5 74. Rg7 Kc6 75. Rg6+ Kb7 76. Rg5 Kb6 77. Rg6+ Ka5 78.
Rg7 c4 79. bxc4 bxc4 80. Rc7 Kb5 81. Rb7+ Ka4 82. Rc7 Ka3 83. Rxc4 Rxa7 84. Kb1
Rh7 85. Rc1 Rh2 86. Rg1 b3 87. Rf1 Rd2 88. Rh1 Rd3 89. Rg1 Kb4 90. Rh1 Kc3 91.
Rc1+ Kb4 92. Rh1 Ka3 93. Rg1 1/2-1/2

[Event "XI GRAN TORNEO INTERNACIONAL AFICIONADOS"]
[Site "Benidorm (Alicante - SPAIN)"]
[Date "2012.12.02"]
[Round "3"]
[White "Lloret Ramis, Juan Jose"]
[Black "Sos Andreu, Eric"]
[Result "0-1"]
[WhiteElo "2285"]
[BlackElo "2144"]
[PlyCount "94"]
[EventDate "2012.11.30"]
[EventRounds "10"]
[EventCountry "ESP"]

1. d4 Nf6 2. Bg5 Ne4 3. Bf4 d5 4. Nd2 g6 5. Ngf3 Bg7 6. e3 Nxd2 7. Qxd2 O-O 8.
c4 c6 9. Rc1 Be6 10. Bd3 dxc4 11. Bxc4 Bxc4 12. Rxc4 Qd5 13. b3 Nd7 14. O-O
Rfe8 15. Re1 e5 16. e4 Qe6 17. dxe5 Nxe5 18. Nxe5 Bxe5 19. Bxe5 Qxe5 20. Rd4
Re7 21. f4 Qc5 22. Qe3 Rae8 23. Rc4 Qxe3+ 24. Rxe3 Rd8 25. Kf2 Red7 26. Rc2 Rd4
27. Kf3 Kf8 28. Ree2 Ke7 29. Ke3 Rd3+ 30. Kf2 R8d4 31. Re3 Rd1 32. Ree2 Kd6 33.
Ke3 R1d3+ 34. Kf2 a5 35. Ke1 a4 36. Rcd2 axb3 37. axb3 Kc5 38. Rxd3 Rxd3 39.
Rd2 Rxd2 40. Kxd2 Kd4 41. e5 c5 42. Ke2 Ke4 43. g3 h5 44. Kd2 h4 45. Kc3 b5 46.
Kd2 hxg3 47. hxg3 Kf3 0-1

[Event "XI GRAN TORNEO INTERNACIONAL AFICIONADOS"]
[Site "Benidorm (Alicante - SPAIN)"]
[Date "2012.12.02"]
[Round "3"]
[White "Mataix Arbona, Cesar"]
[Black "Suarez Uriel, Adrian"]
[Result "0-1"]
[WhiteElo "2074"]
[BlackElo "2241"]
[PlyCount "29"]
[EventDate "2012.11.30"]
[EventRounds "10"]
[EventCountry "ESP"]

1. d4 Nf6 2. Nf3 g6 3. Bg5 Bg7 4. e3 O-O 5. Bd3 c5 6. c3 d6 7. O-O Nc6 8. Nbd2
e5 9. Bb5 cxd4 10. exd4 Qa5 11. Bxc6 bxc6 12. dxe5 dxe5 13. Nc4 Qb5 14. Ncxe5
Qxb2 15. Qa4 {MÃ+/=bil} 0-1

[Event "XI GRAN TORNEO INTERNACIONAL AFICIONADOS"]
[Site "Benidorm (Alicante - SPAIN)"]
[Date "2012.12.02"]
[Round "3"]
[White "Serna Lara, Sergio"]
[Black "Collier, David O"]
[Result "1-0"]
[WhiteElo "2230"]
[BlackElo "2098"]
[PlyCount "37"]
[EventDate "2012.11.30"]
[EventRounds "10"]
[EventCountry "ESP"]

1. d4 Nf6 2. c4 e6 3. Nc3 Bb4 4. Qc2 b6 5. e4 Bxc3+ 6. bxc3 d6 7. Bd3 e5 8. Ne2
c5 9. Bg5 h6 10. Bd2 Nc6 11. d5 Ne7 12. f4 exf4 13. Nxf4 Ng4 14. O-O O-O 15.
Be2 Ne5 16. Nh5 N7g6 17. Qc1 Bg4 18. Bxg4 Nxg4 19. h3 1-0

[Event "XI GRAN TORNEO INTERNACIONAL AFICIONADOS"]
[Site "Benidorm (Alicante - SPAIN)"]
[Date "2012.12.02"]
[Round "3"]
[White "Reyes Larenas, Luis"]
[Black "Vinal Gutierrez, Pedro"]
[Result "1/2-1/2"]
[WhiteElo "2198"]
[BlackElo "2011"]
[PlyCount "66"]
[EventDate "2012.11.30"]
[EventRounds "10"]
[EventCountry "ESP"]

1. e4 e6 2. d4 d5 3. Nc3 Bb4 4. exd5 exd5 5. Bd3 Nc6 6. a3 Bxc3+ 7. bxc3 Nge7
8. Qh5 Be6 9. Ne2 Qd7 10. f3 O-O-O 11. O-O a6 12. Qg5 Bf5 13. Ng3 Bxd3 14. cxd3
f5 15. Re1 g6 16. Qf6 Rdf8 17. Qe6 Qxe6 18. Rxe6 f4 19. Nf1 Kd7 20. Re1 g5 21.
Ra2 Nf5 22. Rae2 Re8 23. Kf2 Rxe2+ 24. Rxe2 b5 25. Rb2 h6 26. Bd2 Re8 27. Rb1
Re6 28. g4 Nh4 29. Re1 Rxe1 30. Bxe1 a5 31. Ke2 Ng6 32. Nd2 a4 33. Bf2 Nce7
1/2-1/2

[Event "XI GRAN TORNEO INTERNACIONAL AFICIONADOS"]
[Site "Benidorm (Alicante - SPAIN)"]
[Date "2012.12.02"]
[Round "3"]
[White "Bilquez, Romain"]
[Black "Hristodorescu, Daniel"]
[Result "1/2-1/2"]
[WhiteElo "2105"]
[BlackElo "2223"]
[PlyCount "35"]
[EventDate "2012.11.30"]
[EventRounds "10"]
[EventCountry "ESP"]

1. e4 c6 2. d3 d5 3. Nd2 Nd7 4. Ngf3 Qc7 5. Be2 Ngf6 6. O-O e5 7. c3 Bd6 8. h3
O-O 9. Qc2 Re8 10. Re1 b6 11. b3 a5 12. Bb2 Ba6 13. Rac1 Rad8 14. Bf1 dxe4 15.
dxe4 Bxf1 16. Nxf1 b5 17. Rcd1 Nc5 18. Ng3 1/2-1/2

[Event "XI GRAN TORNEO INTERNACIONAL AFICIONADOS"]
[Site "Benidorm (Alicante - SPAIN)"]
[Date "2012.12.02"]
[Round "3"]
[White "Camacho Calle, Pedro"]
[Black "Ballesteros Gonzalez, David"]
[Result "0-1"]
[WhiteElo "2103"]
[BlackElo "2215"]
[PlyCount "54"]
[EventDate "2012.11.30"]
[EventRounds "10"]
[EventCountry "ESP"]

1. Nf3 Nf6 2. c4 g6 3. b3 Bg7 4. Bb2 O-O 5. e3 c5 6. d3 Nc6 7. Nbd2 d5 8. cxd5
Nxd5 9. Bxg7 Kxg7 10. Qc2 b6 11. a3 e5 12. Qb2 f6 13. Be2 Ba6 14. O-O Rc8 15.
Rfe1 Qe7 16. Bf1 Rfd8 17. Rac1 Nc7 18. d4 e4 19. Nh4 Bxf1 20. Rxf1 Qe6 21. f3
cxd4 22. Nxe4 Ne5 23. Qb1 dxe3 24. Rfd1 Nd5 25. Rxc8 Rxc8 26. Qb2 Nf4 27. Ng3
Ned3 0-1

[Event "XI GRAN TORNEO INTERNACIONAL AFICIONADOS"]
[Site "Benidorm (Alicante - SPAIN)"]
[Date "2012.12.02"]
[Round "3"]
[White "Cambando, Jose"]
[Black "Angelov, Georgi"]
[Result "1-0"]
[WhiteElo "2049"]
[BlackElo "2180"]
[PlyCount "55"]
[EventDate "2012.11.30"]
[EventRounds "10"]
[EventCountry "ESP"]

1. e4 c6 2. d4 d5 3. Nc3 dxe4 4. Nxe4 Bf5 5. Ng3 Bg6 6. h4 h6 7. h5 Bh7 8. Nf3
Nd7 9. Bd3 Bxd3 10. Qxd3 e6 11. Bf4 Ngf6 12. O-O-O Be7 13. Kb1 O-O 14. c4 Qa5
15. a3 Rfd8 16. Qc2 Rac8 17. Ne5 b5 18. Nxf7 Kxf7 19. Qg6+ Kf8 20. Bxh6 gxh6
21. Qxh6+ Kg8 22. Rhe1 Nf8 23. Nf5 exf5 24. Rxe7 Ne8 25. Qg5+ Kh8 26. Qxf5 Ng7
27. Qf7 Nfe6 28. h6 1-0

[Event "XI GRAN TORNEO INTERNACIONAL AFICIONADOS"]
[Site "Benidorm (Alicante - SPAIN)"]
[Date "2012.12.02"]
[Round "3"]
[White "Alberto, Manuel"]
[Black "Marquez Ortiz De Zarate, Alber"]
[Result "1-0"]
[WhiteElo "2176"]
[BlackElo "2048"]
[PlyCount "57"]
[EventDate "2012.11.30"]
[EventRounds "10"]
[EventCountry "ESP"]

1. e4 d5 2. exd5 Qxd5 3. Nc3 Qd8 4. Bc4 Nf6 5. Nf3 c6 6. Ne5 e6 7. Qe2 Be7 8.
O-O O-O 9. Re1 b5 10. Bb3 a5 11. a4 b4 12. Ne4 Qb6 13. Ng5 Nd5 14. Nexf7 Rxf7
15. Nxf7 Kxf7 16. Qh5+ Kf8 17. Qxh7 Na6 18. Bxd5 cxd5 19. Re3 Bf6 20. Rf3 e5
21. d3 e4 22. dxe4 dxe4 23. Qxe4 Ra7 24. Be3 Qb7 25. Qh7 Bg4 26. Rxf6+ gxf6 27.
Bh6+ Ke8 28. Re1+ Kd8 29. Qg8+ 1-0

[Event "XI GRAN TORNEO INTERNACIONAL AFICIONADOS"]
[Site "Benidorm (Alicante - SPAIN)"]
[Date "2012.12.02"]
[Round "3"]
[White "Kostadinov, Kaloyan"]
[Black "Remolar Gallen, Jose"]
[Result "0-1"]
[WhiteElo "2047"]
[BlackElo "2172"]
[PlyCount "72"]
[EventDate "2012.11.30"]
[EventRounds "10"]
[EventCountry "ESP"]

1. Nf3 b5 2. a4 b4 3. g3 Bb7 4. Bg2 Nf6 5. a5 c5 6. c3 e6 7. d4 cxd4 8. cxd4 d5
9. Bg5 Bd6 10. Ne5 O-O 11. Nd2 Nbd7 12. Nxd7 Qxd7 13. Bxf6 gxf6 14. O-O f5 15.
e3 Rfc8 16. a6 Bc6 17. Qh5 Bf8 18. Nf3 Bb5 19. Ne5 Qe7 20. Rac1 Bxa6 21. Rc5
Rxc5 22. dxc5 Bb5 23. g4 Qf6 24. f4 Bxc5 25. Kf2 fxg4 26. Nxg4 Qxf4+ 27. Bf3
Kh8 28. Qe5+ Qxe5 29. Nxe5 Be8 30. Nd3 Bf8 31. e4 dxe4 32. Bxe4 Rd8 33. Ke3
Bh6+ 34. Ke2 f5 35. Bf3 Bb5 36. Rd1 e5 0-1

[Event "XI GRAN TORNEO INTERNACIONAL AFICIONADOS"]
[Site "Benidorm (Alicante - SPAIN)"]
[Date "2012.12.02"]
[Round "3"]
[White "Navarrete Espi, Samuel"]
[Black "Martin Martin, Luis Vicente"]
[Result "1/2-1/2"]
[WhiteElo "2171"]
[BlackElo "2021"]
[PlyCount "28"]
[EventDate "2012.11.30"]
[EventRounds "10"]
[EventCountry "ESP"]

1. e4 e6 2. d4 d5 3. Nc3 dxe4 4. Nxe4 Nd7 5. Nf3 Ngf6 6. Bd3 c5 7. c3 cxd4 8.
cxd4 Nxe4 9. Bxe4 Nf6 10. Bc2 Bb4+ 11. Bd2 Bxd2+ 12. Qxd2 O-O 13. O-O b6 14.
Rae1 Ba6 1/2-1/2

[Event "XI GRAN TORNEO INTERNACIONAL AFICIONADOS"]
[Site "Benidorm (Alicante - SPAIN)"]
[Date "2012.12.02"]
[Round "3"]
[White "Valiente Roy, Jose Javier"]
[Black "Riquelme Valero, Manuel Damian"]
[Result "1-0"]
[WhiteElo "2020"]
[BlackElo "2153"]
[PlyCount "28"]
[EventDate "2012.11.30"]
[EventRounds "10"]
[EventCountry "ESP"]

1. Nf3 d5 2. d4 Nc6 3. c4 Bg4 4. Nc3 Bxf3 5. gxf3 dxc4 6. d5 Na5 7. Bf4 c6 8.
Qa4 Qb6 9. b4 cxb3 10. axb3 e5 11. Bd2 Bb4 12. Ne4 Nxb3 13. Bxb4 Nxa1 14. Nd6+
Kf8 1-0

[Event "XI GRAN TORNEO INTERNACIONAL AFICIONADOS"]
[Site "Benidorm (Alicante - SPAIN)"]
[Date "2012.12.02"]
[Round "3"]
[White "Pique Safont, Joan Manel"]
[Black "Lorente Penalba, Diego"]
[Result "0-1"]
[WhiteElo "2017"]
[BlackElo "2148"]
[PlyCount "56"]
[EventDate "2012.11.30"]
[EventRounds "10"]
[EventCountry "ESP"]

1. d4 Nf6 2. Nf3 e6 3. c4 d5 4. g3 Be7 5. Bg2 O-O 6. O-O Nbd7 7. Nc3 dxc4 8.
Qc2 c5 9. dxc5 Bxc5 10. Bg5 h6 11. Bxf6 Nxf6 12. Rad1 Qa5 13. Nd2 Qa6 14. Na4
Be7 15. Qxc4 b5 16. Qc7 Bd6 17. Qc6 Rb8 18. Nc3 b4 19. Qxa6 Bxa6 20. Nce4 Be5
21. Nxf6+ Bxf6 22. Bf3 Rfc8 23. Ne4 Bxb2 24. Rd7 f5 25. Nd6 Rd8 26. Rxd8+ Rxd8
27. Nb7 Rd2 28. e3 Bxf1 0-1

[Event "XI GRAN TORNEO INTERNACIONAL AFICIONADOS"]
[Site "Benidorm (Alicante - SPAIN)"]
[Date "2012.12.02"]
[Round "3"]
[White "Tejero Royo, Fermin"]
[Black "Rygg, Snorre"]
[Result "1-0"]
[WhiteElo "2133"]
[BlackElo "1823"]
[PlyCount "97"]
[EventDate "2012.11.30"]
[EventRounds "10"]
[EventCountry "ESP"]

1. d4 d5 2. Nf3 Nf6 3. g3 c5 4. Bg2 Nc6 5. O-O e6 6. b3 Be7 7. Bb2 O-O 8. Nbd2
Rb8 9. c4 b5 10. cxd5 Nxd5 11. dxc5 b4 12. Ne4 f5 13. Nd4 Qc7 14. Nd6 Nxd4 15.
Nxc8 Rbxc8 16. Bxd4 Bxc5 17. Bxd5 exd5 18. Rc1 Qe7 19. Bxc5 Rxc5 20. Qd4 Rxc1
21. Qxd5+ Kh8 22. Rxc1 Qxe2 23. Qxf5 Rg8 24. Rc2 Qd1+ 25. Kg2 h6 26. Rc4 Qd2
27. Qc2 Qd5+ 28. Qe4 Qd2 29. Rxb4 Qxa2 30. Qf3 Qa5 31. Rf4 Qc5 32. Qb7 Kh7 33.
h4 Qb6 34. Qxb6 axb6 35. Rb4 Rb8 36. Kf3 Kg6 37. Ke4 Kf7 38. Kd5 g5 39. hxg5
hxg5 40. Kc6 Rc8+ 41. Kxb6 Rc2 42. Rb5 Rxf2 43. Rxg5 Rb2 44. Rb5 Rg2 45. b4
Rxg3 46. Re5 Rg6+ 47. Ka5 Kf6 48. Re1 Rg8 49. b5 1-0

[Event "XI GRAN TORNEO INTERNACIONAL AFICIONADOS"]
[Site "Benidorm (Alicante - SPAIN)"]
[Date "2012.12.02"]
[Round "3"]
[White "Vilanova Corbi, Jorge"]
[Black "Machlik, Jon"]
[Result "1-0"]
[WhiteElo "2115"]
[BlackElo "1793"]
[PlyCount "47"]
[EventDate "2012.11.30"]
[EventRounds "10"]
[EventCountry "ESP"]

1. d4 f5 2. e4 fxe4 3. Nc3 Nf6 4. Bg5 g6 5. Qd2 d5 6. f3 exf3 7. Nxf3 Bf5 8.
O-O-O Nbd7 9. Bd3 Bxd3 10. Qxd3 Bg7 11. Rhe1 O-O 12. Qe2 Re8 13. Qe6+ Kh8 14.
Ne5 Nxe5 15. dxe5 d4 16. Nb5 c6 17. Nxd4 Qd5 18. c4 Qxg2 19. Rg1 Qxh2 20. Rh1
Qg2 21. Rdg1 Qf2 22. exf6 exf6 23. Rxh7+ Kxh7 24. Rh1+ 1-0

[Event "XI GRAN TORNEO INTERNACIONAL AFICIONADOS"]
[Site "Benidorm (Alicante - SPAIN)"]
[Date "2012.12.02"]
[Round "3"]
[White "Serarols Mabras, Bernat"]
[Black "Castellanos Bogalo, Antonio"]
[Result "1-0"]
[WhiteElo "1955"]
[BlackElo "2091"]
[PlyCount "43"]
[EventDate "2012.11.30"]
[EventRounds "10"]
[EventCountry "ESP"]

1. d4 d5 2. c4 e5 3. dxe5 d4 4. Nf3 Nc6 5. Nbd2 Nge7 6. Nb3 Ng6 7. Nbxd4 Ncxe5
8. Nxe5 Nxe5 9. e3 Be7 10. Be2 O-O 11. O-O Bf6 12. Qc2 Re8 13. Bd2 Ng6 14. Bc3
Qe7 15. Nf3 Bd7 16. Rad1 Bc6 17. Bxf6 Qxf6 18. Rd4 Re6 19. Rfd1 Rae8 20. Ne1
Be4 21. Bd3 c5 22. Rxe4 1-0

[Event "XI GRAN TORNEO INTERNACIONAL AFICIONADOS"]
[Site "Benidorm (Alicante - SPAIN)"]
[Date "2012.12.02"]
[Round "3"]
[White "Sokalskaja, Elena"]
[Black "Vicente Torrecillas, Fco Javie"]
[Result "0-1"]
[WhiteElo "2045"]
[BlackElo "2006"]
[PlyCount "38"]
[EventDate "2012.11.30"]
[EventRounds "10"]
[EventCountry "ESP"]

1. d4 d5 2. Nf3 Nf6 3. g3 e6 4. Bg2 Be7 5. O-O O-O 6. c4 Nbd7 7. Qc2 c6 8. Rd1
Ne4 9. b3 f5 10. Bb2 Qe8 11. Nc3 Qh5 12. Ne5 Nxe5 13. dxe5 Nxf2 14. Kxf2 Bc5+
15. e3 f4 16. gxf4 Rxf4+ 17. Kg1 Bxe3+ 18. Kh1 Rf2 19. Qd3 Rxg2 0-1

[Event "XI GRAN TORNEO INTERNACIONAL AFICIONADOS"]
[Site "Benidorm (Alicante - SPAIN)"]
[Date "2012.12.03"]
[Round "4"]
[White "Lopez Del Alamo, Antonio"]
[Black "Tejedor Fuentes, Enrique"]
[Result "0-1"]
[WhiteElo "2241"]
[BlackElo "2297"]
[PlyCount "50"]
[EventDate "2012.11.30"]
[EventRounds "10"]
[EventCountry "ESP"]

1. d4 e6 2. Nf3 Nf6 3. g3 c5 4. Bg2 Nc6 5. O-O d5 6. c4 dxc4 7. Qa4 Bd7 8. Qxc4
cxd4 9. Nxd4 Rc8 10. Nxc6 Bxc6 11. Bxc6+ Rxc6 12. Qa4 Bc5 13. Nc3 Qb6 14. Bg5
Nd5 15. Ne4 h6 16. Nxc5 Qxc5 17. Rac1 Qb6 18. e4 hxg5 19. exd5 exd5 20. Rfe1+
Kf8 21. Rcd1 Rxh2 22. Re2 Re6 23. Rc2 Rhh6 24. Rxd5 Re1+ 25. Kg2 Rh2+ 0-1

[Event "XI GRAN TORNEO INTERNACIONAL AFICIONADOS"]
[Site "Benidorm (Alicante - SPAIN)"]
[Date "2012.12.03"]
[Round "4"]
[White "Goormachtigh, Johan"]
[Black "Ustianovich, Nazar"]
[Result "1/2-1/2"]
[WhiteElo "2187"]
[BlackElo "2264"]
[PlyCount "35"]
[EventDate "2012.11.30"]
[EventRounds "10"]
[EventCountry "ESP"]

1. d4 d5 2. Nf3 Nf6 3. c4 c6 4. Nc3 a6 5. a4 e6 6. g3 c5 7. cxd5 cxd4 8. Qxd4
Nxd5 9. Nxd5 Nc6 10. Qd1 exd5 11. Bg2 Be7 12. O-O O-O 13. Be3 Bf6 14. Nd4 Re8
15. Nxc6 bxc6 16. Qc2 Rb8 17. Qxc6 Rxb2 18. Qxd5 1/2-1/2